|
|
|
|
| LEADER |
01951nam a22003137a 4500 |
| 001 |
6777 |
| 003 |
BD-DhAAL |
| 005 |
20150322122724.0 |
| 008 |
150322s2004 bg ||||| |||| 00| 0 ben d |
| 020 |
|
|
|a 984656029X
|
| 040 |
|
|
|a BD-DhAAL
|c BD-DhAAL
|
| 082 |
|
|
|a 297
|
| 100 |
|
|
|a ইসলাম, ইউসুফ মাহবুবুল
|9 10038
|
| 245 |
|
|
|a অলৌকিক জীবন /
|c ইউসুফ মাহবুবুল ইসলাম, অনুবাদ মোঃ হাসবুল্লাহ, এস এম শাহরিয়ার ও সেলিনা আক্তার
|
| 260 |
|
|
|a ঢাকা :
|b যোগাযোগ পাবলিশার্স,
|c ২০০৪
|
| 300 |
|
|
|a ১৪৪ পৃ. :
|c ২২ সে. মি.
|
| 541 |
|
|
|e 6777
|
| 650 |
|
|
|a Islam
|9 10039
|
| 700 |
|
|
|a হাসবুল্লাহ, মোঃ
|9 10040
|
| 700 |
|
|
|a শাহরিয়ার, এস এম
|9 10041
|
| 700 |
|
|
|a আক্তার, সেলিনা
|9 10042
|
| 942 |
|
|
|2 ddc
|c BK
|
| 999 |
|
|
|c 34138
|d 34138
|
| 952 |
|
|
|0 0
|1 0
|2 ddc
|4 0
|6 297_000000000000000_ISL
|7 0
|9 53269
|a SCL
|b SCL
|c GEN
|d 2015-03-22
|e Gift
|l 0
|o 297 ISL
|p 3020006777
|r 2018-06-10
|t 1
|w 2015-03-22
|y BK
|
| 952 |
|
|
|0 0
|1 0
|2 ddc
|4 0
|6 297_000000000000000_ISL
|7 0
|9 54744
|a SCL
|b SCL
|c GEN
|d 2015-07-05
|e Gift
|l 0
|o 297 ISL
|p 3020007128
|r 2015-07-05
|t 2
|w 2015-07-05
|y BK
|
| 952 |
|
|
|0 0
|1 0
|2 ddc
|4 0
|6 297_000000000000000_ISL
|7 0
|9 54745
|a SCL
|b SCL
|c GEN
|d 2015-07-05
|e Gift
|l 0
|o 297 ISL
|p 3020006776
|r 2015-07-05
|t 3
|w 2015-07-05
|y BK
|
| 952 |
|
|
|0 0
|1 0
|2 ddc
|4 0
|6 297_000000000000000_ISL
|7 0
|9 54746
|a SCL
|b SCL
|c GEN
|d 2015-07-05
|e Gift
|l 0
|o 297 ISL
|p 3020006775
|r 2015-07-05
|t 4
|w 2015-07-05
|y BK
|
| 952 |
|
|
|0 0
|1 0
|2 ddc
|4 0
|6 297_000000000000000_ISL
|7 0
|9 54747
|a SCL
|b SCL
|c GEN
|d 2015-07-05
|e Gift
|l 0
|o 297 ISL
|p 3020006778
|r 2015-07-05
|t 5
|w 2015-07-05
|y BK
|
| 952 |
|
|
|0 0
|1 0
|2 ddc
|4 0
|6 297_000000000000000_ISL
|7 0
|9 54748
|a SCL
|b SCL
|c GEN
|d 2015-07-05
|e Gift
|l 2
|m 1
|o 297 ISL
|p 3020006779
|r 2026-05-07
|s 2026-04-15
|t 6
|w 2015-07-05
|y BK
|